|
|
|
|
| LEADER |
01195nam a2200289 a 4500 |
| 001 |
3052627 |
| 008 |
090730r20021997 enk b 001 0 eng d |
| 010 |
|
|
|a 96023387
|
| 020 |
|
|
|a 0521495172 (hardback)
|
| 020 |
|
|
|a 0521498678 (pbk.)
|
| 040 |
|
|
|a DLC
|c DLC
|d DLC
|
| 082 |
0 |
0 |
|a 823/.7
|2 20
|
| 245 |
0 |
4 |
|a The Cambridge companion to Jane Austen /
|c edited by Edward Copeland and Juliet McMaster.
|
| 246 |
3 |
0 |
|a Jane Austen
|
| 260 |
|
|
|a Cambridge ;
|a New York :
|b Cambridge University Press,
|c 1997.[Reprinted 2002]
|
| 300 |
|
|
|a xv, 251 p. ;
|c 24 cm.
|
| 490 |
0 |
|
|a Cambridge companions to literature
|
| 504 |
|
|
|a Includes bibliographical references (p. 227-243) and index.
|
| 541 |
1 |
|
|e 00014482
|
| 600 |
1 |
0 |
|a Austen, Jane,
|d 1775-1817
|x Criticism and interpretation.
|
| 650 |
|
0 |
|a Women and literature
|z England
|x History
|y 19th century.
|
| 650 |
|
0 |
|a Love stories, English
|x History and criticism.
|
| 700 |
1 |
|
|a Copeland, Edward.
|
| 700 |
1 |
|
|a McMaster, Juliet.
|
| 852 |
4 |
|
|a Ayesha Abed Library
|j General shelf
|
| 999 |
|
|
|c 2989
|d 2989
|
| 952 |
|
|
|0 0
|1 0
|2 ddc
|4 0
|6 823_700000000000000_CAM
|7 0
|9 2704
|a BRACUL
|b BRACUL
|c GEN
|d 2009-08-18
|l 7
|m 18
|o 823.7 CAM
|p 3010014482
|r 2022-09-19
|s 2022-07-06
|t 1
|w 2009-08-18
|y BK
|